000 00533nam a2200205Ia 4500
005 20250505125022.0
008 008 250505s9999 xx 000 0 eng d
037 _aTextbook
040 _aLCO
_beng
_cLCO
041 _aeng
_2eng
084 _aZ2,181 R4
_qLCO
100 _aKothari, Vinod
245 0 _aCorporate Governance
_cVinod Kothari
260 _aHaryana, India
_bLexis Nexis
_c2024
300 _a929
365 _aINR
_b1895
650 _aLaw
942 _cTB
_hZ2,181 R4
999 _c1311117
_d1311117